[Event "4NCL 3 South pool C"]
[Site "Telford, ENG"]
[Date "2016.05.01"]
[Round "10.55"]
[White "Rudd, Jack"]
[Black "Gill, Oliver"]
[Result "1/2-1/2"]
[WhiteElo "2263"]
[BlackElo "2104"]
[PlyCount "104"]
[EventDate "2016.05.01"]

1. d4 d5 2. c4 e5 3. dxe5 d4 4. e4 Nc6 5. f4 f6 6. e6 Bxe6 7. a3 a5 8. b3 Bf7
9. Bd3 g5 10. Nh3 h6 11. O-O Qd7 12. Qe1 g4 13. Nf2 Nge7 14. e5 f5 15. Nd2 h5
16. Bc2 Nd8 17. Nd3 Ne6 18. Bb2 c5 19. b4 b6 20. Qd1 Nc6 21. Ba4 Be7 22. bxc5
bxc5 23. Bb5 O-O 24. Qa4 Be8 25. Rab1 Qc7 26. Qc2 Ncd8 27. Bc1 Bc6 28. Bxc6
Nxc6 29. Rb5 Na7 30. Rb3 Kg7 31. Rf2 Kg6 32. Nf1 h4 33. Qb1 Rfb8 34. Rfb2 Nc6
35. Rb7 Qc8 36. Bd2 Bd8 37. Nf2 Rxb7 38. Rxb7 Rb8 39. Rb5 Rxb5 40. Qxb5 Kf7 41.
Nd3 Be7 42. Nc1 Qa8 43. Kf2 h3 44. gxh3 gxh3 45. Qb3 Nxe5 46. Qxh3 Ng4+ 47. Kg1
Qe4 48. Nd3 Bd6 49. Qh5+ Kf6 50. Qh8+ Kf7 51. Qh5+ Kf6 52. Qh8+ Kf7 1/2-1/2

[Event "4NCL 3 South pool C"]
[Site "Telford, ENG"]
[Date "2016.05.01"]
[Round "10.56"]
[White "De Coverly, Roger D"]
[Black "Rees, Ioan"]
[Result "0-1"]
[WhiteElo "2076"]
[BlackElo "2255"]
[PlyCount "100"]
[EventDate "2016.05.01"]

1. e4 c5 2. Nf3 Nc6 3. g3 g6 4. Bg2 Bg7 5. O-O e6 6. Re1 Nge7 7. e5 d6 8. exd6
Qxd6 9. Nc3 b6 10. d4 cxd4 11. Nb5 Qd7 12. Nfxd4 Nxd4 13. Nxd4 Bb7 14. Bxb7
Qxb7 15. c3 O-O 16. Qf3 Rab8 17. Bf4 Bxd4 18. Qxb7 Bxf2+ 19. Kxf2 Rxb7 20. Rad1
Nd5 21. Bh6 Rc8 22. Rd4 b5 23. h4 Rb6 24. Be3 Ra6 25. a3 f6 26. g4 Rc4 27. Red1
Rac6 28. g5 f5 29. Rxc4 Rxc4 30. Bd4 Rc7 31. Be5 Rd7 32. b3 Nf6 33. Rxd7 Nxd7
34. Bd4 a6 35. c4 bxc4 36. bxc4 Kf7 37. Ba7 Ke7 38. c5 Ne5 39. Ke2 Kd7 40. Bb8
Nc4 41. Kd3 Nxa3 42. Kd4 Nb5+ 43. Ke5 Kc8 44. Kf6 Kxb8 45. Kg7 f4 46. Kxh7 f3
47. h5 f2 48. hxg6 f1=Q 49. g7 Qf5+ 50. Kh6 Qf7 0-1

[Event "4NCL 3 South pool C"]
[Site "Telford, ENG"]
[Date "2016.05.01"]
[Round "10.57"]
[White "Edgell, Ben P"]
[Black "Pleasants, Allan J"]
[Result "1/2-1/2"]
[WhiteElo "2128"]
[BlackElo "2043"]
[PlyCount "83"]
[EventDate "2016.05.01"]

1. d4 g6 2. c4 Bg7 3. Nf3 d6 4. Nc3 Nc6 5. e4 Bg4 6. Be3 e5 7. d5 Nd4 8. h3
Bxf3 9. gxf3 c5 10. dxc6 bxc6 11. Be2 Ne7 12. h4 Rb8 13. b3 f5 14. h5 O-O 15.
hxg6 Nxg6 16. Qd3 Qa5 17. Rc1 Nf4 18. Bxf4 exf4 19. Kf1 Rbe8 20. Rg1 Qe5 21.
Rd1 c5 22. exf5 Rxf5 23. Ne4 Kh8 24. b4 Rg8 25. bxc5 dxc5 26. Ke1 Bf6 27. Rxg8+
Kxg8 28. Kd2 Bd8 29. Rg1+ Kh8 30. Qa3 Bb6 31. Qa6 Qc7 32. Bd1 Rf8 33. Kc1 Rg8
34. Rh1 Rg6 35. Nc3 Qg7 36. Qc8+ Qg8 37. Qd7 Rg7 38. Qd5 Qxd5 39. Nxd5 Bc7 40.
Nc3 Be5 41. Ne4 Ne6 42. Rh6 1/2-1/2

[Event "4NCL 3 South pool C"]
[Site "Telford, ENG"]
[Date "2016.05.01"]
[Round "10.58"]
[White "Simons, Martin J"]
[Black "Stewart, Joseph J"]
[Result "1/2-1/2"]
[WhiteElo "2018"]
[BlackElo "2162"]
[PlyCount "85"]
[EventDate "2016.05.01"]

1. d4 d5 2. e4 e6 3. Be3 dxe4 4. Nd2 Nf6 5. f3 exf3 6. Ngxf3 Nbd7 7. c3 c6 8.
Bd3 Bd6 9. Qe2 Qc7 10. O-O-O b5 11. Kb1 Nd5 12. g3 Nxe3 13. Qxe3 Nf6 14. Rhf1
Bb7 15. Rde1 O-O-O 16. c4 b4 17. c5 Be7 18. Nc4 h6 19. Nfe5 Bf8 20. g4 Kb8 21.
h4 Ba6 22. Qf3 Rc8 23. g5 hxg5 24. hxg5 Nd7 25. Nxf7 Rh4 26. Re4 Rxe4 27. Qxe4
Bxc4 28. Bxc4 e5 29. Nxe5 Nxe5 30. Qxe5 Qxe5 31. dxe5 Bxc5 32. Rf7 Rc7 33. e6
Rxf7 34. exf7 Kc7 35. Kc2 Kd8 36. Kd3 Ke7 37. Ke4 Kf8 38. Ke5 Be7 39. Kf5 Bc5
40. Ke6 Bd4 41. b3 Be3 42. g6 c5 43. Kd5 1/2-1/2

[Event "4NCL 3 South pool C"]
[Site "Telford, ENG"]
[Date "2016.05.01"]
[Round "10.59"]
[White "Bullen, Alex"]
[Black "Adaway, William"]
[Result "1-0"]
[WhiteElo "2043"]
[BlackElo "1988"]
[PlyCount "93"]
[EventDate "2016.05.01"]

1. e4 c5 2. Nf3 e6 3. d4 cxd4 4. Nxd4 Nc6 5. Nc3 Nf6 6. Ndb5 Bb4 7. a3 Bxc3+ 8.
Nxc3 d5 9. exd5 Nxd5 10. Nxd5 exd5 11. Bd3 Qe7+ 12. Qe2 Qxe2+ 13. Kxe2 O-O 14.
Bf4 Be6 15. Rhe1 Rac8 16. Kd2 Rfe8 17. Rad1 f6 18. Re3 g6 19. Rde1 Bd7 20.
Rxe8+ Rxe8 21. Rxe8+ Bxe8 22. Kc3 Kf7 23. Be2 Bd7 24. b4 a6 25. Bc7 Bf5 26. Bb6
Ne5 27. a4 Nc4 28. Bc7 b5 29. axb5 axb5 30. g4 Bd7 31. Kd4 f5 32. g5 Nd2 33.
Bf4 Ne4 34. f3 Nf2 35. Kxd5 Nh3 36. Bd2 Ng1 37. Bd1 Be6+ 38. Kc5 Bc4 39. f4 Ke6
40. c3 Kd7 41. Ba4 Nf3 42. Bc1 bxa4 43. Kxc4 Ne1 44. b5 Nc2 45. Kd3 Ne1+ 46.
Ke2 Ng2 47. Kf2 1-0

[Event "4NCL 3 South pool C"]
[Site "Telford, ENG"]
[Date "2016.05.01"]
[Round "10.60"]
[White "Gregory, Keith D F"]
[Black "Taylor, William J"]
[Result "1-0"]
[WhiteElo "1996"]
[BlackElo "1991"]
[PlyCount "79"]
[EventDate "2016.05.01"]

1. Nf3 Nf6 2. c4 g6 3. b3 Bg7 4. Bb2 O-O 5. g3 d6 6. Bg2 e5 7. O-O c5 8. d3 Nc6
9. Nbd2 h6 10. Ne1 Be6 11. Nc2 Qd7 12. a3 Bh3 13. b4 b6 14. e4 Nh5 15. b5 Ne7
16. a4 Bxg2 17. Kxg2 f5 18. Ne3 f4 19. Qg4 Qe8 20. Qe6+ Qf7 21. Qxf7+ Rxf7 22.
Nd5 Nxd5 23. cxd5 Bf8 24. Nc4 Rb7 25. Rfb1 a5 26. bxa6 Rxa6 27. Bc3 g5 28. Ba5
Nf6 29. Rxb6 Rba7 30. Rxa6 Rxa6 31. Rb1 Ra7 32. Bd8 Nd7 33. a5 Kf7 34. Bb6 Ra6
35. Bc7 Be7 36. Rb7 fxg3 37. hxg3 h5 38. Bxd6 Bxd6 39. Rxd7+ Be7 40. d6 1-0

[Event "4NCL 3 South pool C"]
[Site "Telford, ENG"]
[Date "2016.05.01"]
[Round "10.66"]
[White "George, Matthew P"]
[Black "Sygnowski, Tomasz"]
[Result "0-1"]
[WhiteElo "2000"]
[BlackElo "2275"]
[PlyCount "146"]
[EventDate "2016.05.01"]

1. c4 Nf6 2. Nc3 g6 3. e4 d6 4. d4 Bg7 5. Be2 O-O 6. Nf3 Bg4 7. Be3 Nc6 8. h3
Bxf3 9. Bxf3 Nd7 10. d5 Nce5 11. Be2 Nb6 12. Qb3 c6 13. O-O Rc8 14. Rfd1 Ned7
15. a4 cxd5 16. cxd5 Nc5 17. Qb4 Nbd7 18. Bg4 h5 19. Bf3 Qb6 20. Qb5 a6 21.
Bxc5 Qxc5 22. Qxb7 Ne5 23. Qxa6 Nxf3+ 24. gxf3 Rb8 25. Qe2 Rb3 26. a5 Rfb8 27.
Ra2 Qb4 28. Rd2 Ra8 29. a6 Qb6 30. Qc4 Rb4 31. Qc6 Ra7 32. Qe8+ Bf8 33. Qc8 Rc7
34. Qxc7 Qxc7 35. a7 Rb8 36. axb8=Q Qxb8 37. Ra1 Bg7 38. Rc1 Bh6 39. Rcd1 Bxd2
40. Rxd2 Kg7 41. Kg2 Qb4 42. f4 Qc4 43. Re2 Kf8 44. Re3 Qb4 45. Re2 Ke8 46. Kf3
f6 47. Kg3 Kd8 48. Kf3 Qa5 49. Re1 Qa6 50. Re2 Qa1 51. Kg2 Qc1 52. Nb5 Qc4 53.
Nc3 Qd3 54. Re3 Qd2 55. Ne2 Qxb2 56. Ng3 Ke8 57. f5 h4 58. fxg6 hxg3 59. Rxg3
Kf8 60. g7+ Kg8 61. Kf3 Qe5 62. h4 f5 63. exf5 Qxf5+ 64. Ke3 Qxd5 65. Rg5 Qh1
66. Rg4 e5 67. f3 d5 68. Ke2 Qh2+ 69. Ke3 Qc2 70. f4 Qe4+ 71. Kf2 exf4 72. h5
Qe3+ 73. Kg2 f3+ 0-1

[Event "4NCL 3 South pool C"]
[Site "Telford, ENG"]
[Date "2016.05.01"]
[Round "10.67"]
[White "Manelidou, Maria"]
[Black "Combie, Alex B"]
[Result "1-0"]
[WhiteElo "2085"]
[BlackElo "2003"]
[PlyCount "65"]
[EventDate "2016.05.01"]

1. e4 c5 2. Nf3 d6 3. d4 cxd4 4. Nxd4 Nf6 5. f3 e5 6. Nb3 Be7 7. c4 O-O 8. Be3
a5 9. Nc3 a4 10. Nd2 Qa5 11. Rc1 Bd7 12. Be2 Na6 13. O-O Nc7 14. Kh1 b5 15.
cxb5 Nxb5 16. Nc4 Nxc3 17. Rxc3 Qb4 18. Qd2 Be6 19. a3 Qb7 20. Nb6 Rad8 21.
Rfc1 Rfe8 22. Rc7 Qb8 23. Bb5 Kf8 24. Bxe8 Kxe8 25. Nd5 Nxd5 26. exd5 Bd7 27.
f4 exf4 28. Bxf4 Kf8 29. Bg5 Bxg5 30. Qxg5 f6 31. Qg3 Qb5 32. Qxd6+ Kg8 33. Qe7
1-0

[Event "4NCL 3 South pool C"]
[Site "Telford, ENG"]
[Date "2016.05.01"]
[Round "10.68"]
[White "George, Andrew P"]
[Black "Ashworth, Michael"]
[Result "0-1"]
[WhiteElo "1982"]
[BlackElo "1852"]
[PlyCount "104"]
[EventDate "2016.05.01"]

1. c4 Nf6 2. g3 g6 3. Bg2 Bg7 4. Nc3 O-O 5. e4 d6 6. Nge2 Nbd7 7. O-O a6 8. a4
c5 9. d3 Ne5 10. h3 Ne8 11. f4 Nc6 12. Kh2 Nc7 13. f5 Rb8 14. Nd5 Nxd5 15. exd5
Ne5 16. Be4 b5 17. axb5 axb5 18. Qc2 Qb6 19. Ra2 bxc4 20. dxc4 Qb3 21. Qxb3
Rxb3 22. Bc2 Rf3 23. Rxf3 Nxf3+ 24. Kh1 Bxf5 25. Bxf5 gxf5 26. Ra3 Ne5 27. b3
Rb8 28. Bg5 Ng6 29. Nf4 Kf8 30. Nh5 h6 31. Bc1 Kg8 32. h4 Ne5 33. Nf4 Kh7 34.
Kg2 Ng4 35. Kf1 Nf6 36. Nd3 Ne4 37. Bf4 Bf6 38. Ke1 Rg8 39. b4 cxb4 40. Nxb4
Bc3+ 41. Rxc3 Nxc3 42. Nc6 Re8 43. Kd2 Ne4+ 44. Ke3 e5 45. dxe6 fxe6 46. g4 e5
47. Bh2 Kg6 48. Na7 Ra8 49. Nb5 Ra2 50. Bg1 Rg2 51. gxf5+ Kxf5 52. Bf2 Rxf2 0-1

[Event "4NCL 3 South pool C"]
[Site "Telford, ENG"]
[Date "2016.05.01"]
[Round "10.69"]
[White "Guha, Chirag"]
[Black "Garnett, John S"]
[Result "0-1"]
[WhiteElo "1907"]
[BlackElo "1989"]
[PlyCount "132"]
[EventDate "2016.05.01"]

1. d4 Nf6 2. Nf3 d5 3. c4 c6 4. g3 dxc4 5. Bg2 Bf5 6. O-O Nbd7 7. Nc3 e6 8. Re1
Bb4 9. Nd2 Nb6 10. a3 Be7 11. e4 Bg4 12. Nf3 c5 13. e5 Nfd5 14. Ne4 cxd4 15.
Qxd4 Bxf3 16. Bxf3 Qc7 17. Bg5 Bxg5 18. Nxg5 Rd8 19. Qh4 Qe7 20. Bxd5 Nxd5 21.
Qg4 b5 22. Ne4 O-O 23. Nd6 a6 24. Ne4 f5 25. exf6 Nxf6 26. Qg5 Rd5 27. Qe3 Ng4
28. Qe2 Ne5 29. f4 Nd3 30. Rf1 Qf7 31. Nc3 Rh5 32. Ne4 Rh6 33. Ng5 Qa7+ 34. Kg2
Re8 35. Rad1 Qa8+ 36. Kg1 e5 37. Qc2 e4 38. b3 e3 39. bxc4 Nf2 40. Rxf2 exf2+
41. Qxf2 bxc4 42. Qc5 Qc6 43. Qf5 Rf8 44. Qe5 Rg6 45. Qe7 Qf6 46. Qe2 Qb6+ 47.
Kh1 Qc6+ 48. Kg1 h6 49. Nf3 Re6 50. Qf1 Qc5+ 51. Kg2 Rb8 52. a4 Rb2+ 53. Kh1
Qf2 54. Rd8+ Kf7 55. Ne5+ Ke7 56. Rd7+ Ke8 57. Qxf2 Rxf2 58. Rxg7 c3 59. Rg8+
Ke7 60. Rg7+ Kd8 61. Rd7+ Kc8 62. Rd4 c2 63. Rc4+ Kb7 64. Nd3 Rc6 65. Rb4+ Ka7
66. Kg1 Rd2 0-1

[Event "4NCL 3 South pool C"]
[Site "Telford, ENG"]
[Date "2016.05.01"]
[Round "10.70"]
[White "Jarvis, Derek A"]
[Black "Holton, Jake"]
[Result "1-0"]
[WhiteElo "1924"]
[BlackElo "1862"]
[PlyCount "85"]
[EventDate "2016.05.01"]

1. e4 c6 2. d4 d5 3. Nd2 dxe4 4. Nxe4 Nf6 5. Nxf6+ exf6 6. c3 Bd6 7. Bd3 O-O 8.
Qc2 Re8+ 9. Ne2 g6 10. Be3 f5 11. O-O-O Be6 12. h4 Nd7 13. h5 Qf6 14. hxg6 fxg6
15. Nf4 b5 16. Nxe6 Qxe6 17. d5 cxd5 18. Bxb5 Red8 19. Bc6 Nf6 20. Bxa8 Rxa8
21. Bd4 Ne4 22. f3 Ng3 23. Rhe1 Qd7 24. Be5 Qc6 25. Bxd6 Qxd6 26. Qb3 Rd8 27.
Kb1 f4 28. Qa4 Rd7 29. Re8+ Kf7 30. Rh8 Ke6 31. Re1+ Kf5 32. Rf8+ Kg5 33. Rxf4
Qxf4 34. Qxd7 Qf5+ 35. Qxf5+ Nxf5 36. Re5 Kf4 37. Rxd5 Kg3 38. c4 Kxg2 39. c5
h5 40. c6 h4 41. c7 h3 42. c8=Q h2 43. Rd2+ 1-0

[Event "4NCL 3 South pool C"]
[Site "Telford, ENG"]
[Date "2016.05.01"]
[Round "10.75"]
[White "Ferrington, Nigel M"]
[Black "Cooper, David M"]
[Result "1-0"]
[WhiteElo "2267"]
[BlackElo "2064"]
[PlyCount "63"]
[EventDate "2016.05.01"]

1. e4 e6 2. d4 d5 3. Bd3 Nf6 4. e5 Nfd7 5. f4 c5 6. c3 b6 7. Nf3 Ba6 8. O-O Be7
9. Be3 O-O 10. Ng5 Bxd3 11. Qxd3 Bxg5 12. fxg5 Nc6 13. Nd2 Qe7 14. Nf3 c4 15.
Qe2 b5 16. a3 a5 17. h3 Kh8 18. Nh2 Rab8 19. Qh5 f5 20. g6 h6 21. Bf4 Kg8 22.
Rf3 Rfc8 23. Rg3 Nf8 24. Nf3 Rb7 25. Bxh6 gxh6 26. g7 Nh7 27. Qxh6 Qe8 28. Ng5
Nxg5 29. Rxg5 Ne7 30. Qh8+ Kf7 31. g8=Q+ Qxg8 32. Qf6+ 1-0

[Event "4NCL 3 South pool C"]
[Site "Telford, ENG"]
[Date "2016.05.01"]
[Round "10.76"]
[White "Paterson, Andrew I"]
[Black "Hopkins, Jamie R"]
[Result "1-0"]
[WhiteElo "2095"]
[BlackElo "2057"]
[PlyCount "87"]
[EventDate "2016.05.01"]

1. c4 d6 2. g3 e5 3. Bg2 f5 4. Nc3 Nf6 5. d4 Be7 6. e3 c6 7. Nge2 O-O 8. O-O
Na6 9. Qa4 e4 10. b4 d5 11. b5 cxb5 12. cxb5 Nc7 13. Ba3 g5 14. Rfc1 Bxa3 15.
Qxa3 Ne6 16. f4 gxf4 17. Nxf4 Nxf4 18. exf4 Qb6 19. Qb4 Bd7 20. Bf1 a5 21. Na4
axb4 22. Nxb6 Ra5 23. Rc7 Bxb5 24. Rc5 Bxf1 25. Rxa5 Bc4 26. Nxc4 dxc4 27. Rxf5
e3 28. Kf1 Ne4 29. Rxf8+ Kxf8 30. Ke2 Nc3+ 31. Kxe3 Ke7 32. d5 Kd6 33. Kd4 b5
34. a3 Nxd5 35. axb4 Nxb4 36. Rf1 Nc6+ 37. Kc3 Kc5 38. f5 b4+ 39. Kc2 Nd4+ 40.
Kb1 c3 41. f6 Ne6 42. f7 Nf8 43. Kc2 Kd6 44. Re1 1-0

[Event "4NCL 3 South pool C"]
[Site "Telford, ENG"]
[Date "2016.05.01"]
[Round "10.77"]
[White "Gostelow, David W"]
[Black "Ingram, Keith R"]
[Result "1/2-1/2"]
[WhiteElo "2050"]
[BlackElo "1997"]
[PlyCount "72"]
[EventDate "2016.05.01"]

1. d4 e6 2. Nf3 f5 3. g3 Nf6 4. Bg2 d5 5. c4 c6 6. b3 Bb4+ 7. Bd2 Bd6 8. O-O
O-O 9. Nc3 Nbd7 10. Ng5 Qe8 11. f3 e5 12. dxe5 Bxe5 13. Rc1 d4 14. Nb1 h6 15.
Nh3 Qf7 16. e3 dxe3 17. Bxe3 Re8 18. Re1 Bc7 19. Bd4 Rxe1+ 20. Qxe1 b6 21. Rc2
Bb7 22. Re2 Re8 23. Nd2 c5 24. Bb2 Rxe2 25. Qxe2 Qe8 26. Qxe8+ Nxe8 27. f4 Bxg2
28. Kxg2 Nef6 29. Nf2 g5 30. Nd3 g4 31. h4 Kf7 32. Nc1 Ke6 33. Ne2 Nb8 34. Kf2
Nc6 35. a3 Bb8 36. Ke3 Bc7 1/2-1/2

[Event "4NCL 3 South pool C"]
[Site "Telford, ENG"]
[Date "2016.05.01"]
[Round "10.78"]
[White "Page, Mark E"]
[Black "Bryant, Richard B E"]
[Result "1-0"]
[WhiteElo "2068"]
[BlackElo "2057"]
[PlyCount "63"]
[EventDate "2016.05.01"]

1. e4 e6 2. d4 d5 3. exd5 exd5 4. Nf3 Bf5 5. c4 Bb4+ 6. Nc3 Qe7+ 7. Be2 Nf6 8.
O-O O-O 9. Bg5 Bxc3 10. bxc3 dxc4 11. Bxc4 Qd6 12. Re1 Ne4 13. Nh4 Nxg5 14.
Nxf5 Qf6 15. Ne7+ Kh8 16. Qg4 c6 17. Qf5 Qxf5 18. Nxf5 b5 19. Bb3 Nd7 20. h4
Ne6 21. Nd6 Nd8 22. Re7 Nf6 23. a4 bxa4 24. Rxa4 a5 25. Nxf7+ Nxf7 26. Bxf7 g6
27. f3 Nd5 28. Bxd5 cxd5 29. Rd7 Rfe8 30. Rxd5 Re2 31. Raxa5 Rb8 32. Rd7 1-0

[Event "4NCL 3 South pool C"]
[Site "Telford, ENG"]
[Date "2016.05.01"]
[Round "10.79"]
[White "Paul, Nathanael"]
[Black "Webster, Paul"]
[Result "0-1"]
[WhiteElo "2027"]
[BlackElo "1950"]
[PlyCount "72"]
[EventDate "2016.05.01"]

1. e4 d6 2. d4 Nf6 3. Nc3 g6 4. Nf3 Bg7 5. Bd3 O-O 6. O-O Nc6 7. h3 e5 8. Be3
Nh5 9. dxe5 dxe5 10. Qd2 Nd4 11. Bxd4 exd4 12. Ne2 c5 13. g4 Nf6 14. Ng3 Nd7
15. Nh2 Ne5 16. f4 c4 17. Be2 d3 18. cxd3 Nxd3 19. Bxd3 Qxd3 20. Qxd3 cxd3 21.
Rad1 b6 22. e5 Bb7 23. Rf2 Rfd8 24. Rfd2 Bf8 25. a3 Bc5+ 26. Kf1 Be3 27. Ke1
Bxd2+ 28. Kxd2 Rac8 29. Ke3 Rc2 30. Rd2 Rxd2 31. Kxd2 Bg2 32. h4 Kf8 33. Ngf1
Rd4 34. Ne3 Rxf4 35. Kxd3 Bb7 36. Nhf1 Rxf1 0-1

[Event "4NCL 3 South pool C"]
[Site "Telford, ENG"]
[Date "2016.05.01"]
[Round "10.80"]
[White "Smith, Simon C"]
[Black "Zdanowski, Adrian"]
[Result "1-0"]
[WhiteElo "1910"]
[BlackElo "1905"]
[PlyCount "115"]
[EventDate "2016.05.01"]

1. c4 Nf6 2. Nc3 d5 3. cxd5 Nxd5 4. d4 g6 5. e4 Nxc3 6. bxc3 Bg7 7. Be3 O-O 8.
Qd2 c5 9. Nf3 Qc7 10. Rc1 Nd7 11. Be2 b6 12. Bh6 Bb7 13. Bd3 Rac8 14. O-O Rfd8
15. Bxg7 Kxg7 16. Rfe1 Nf8 17. d5 c4 18. Bb1 e6 19. Qd4+ Kg8 20. Qf6 exd5 21.
e5 Re8 22. Rcd1 Qe7 23. Qf4 Ne6 24. Qh6 Qf8 25. Qh4 Qa3 26. Re3 Qe7 27. Qh6 Qf8
28. Qh4 Qg7 29. Nd4 Nxd4 30. Qxd4 Re6 31. f4 f6 32. Bf5 gxf5 33. Rg3 fxe5 34.
Rxg7+ Kxg7 35. fxe5 Rce8 36. Re1 Kf7 37. Qf4 Ke7 38. Qxf5 Kd7 39. Qxh7+ R8e7
40. Qf5 Kc6 41. g4 Bc8 42. Qf4 Rg6 43. g5 Be6 44. h4 Rf7 45. Qg3 Rf5 46. Rf1
Kd7 47. Rxf5 Bxf5 48. h5 Rg8 49. g6 Ke6 50. Kf2 b5 51. Ke3 d4+ 52. cxd4 c3 53.
Qg5 Rf8 54. g7 c2 55. gxf8=N+ Kd5 56. Qg2+ Kc4 57. Qd2 a5 58. e6 1-0

[Event "4NCL 3 South pool C"]
[Site "Telford, ENG"]
[Date "2016.05.01"]
[Round "10.85"]
[White "Myall, Ivan J"]
[Black "Farkas, Daniel"]
[Result "1/2-1/2"]
[WhiteElo "2087"]
[BlackElo "2115"]
[PlyCount "88"]
[EventDate "2016.05.01"]

1. e4 c6 2. d4 d5 3. e5 c5 4. dxc5 e6 5. a3 Bxc5 6. Qg4 g6 7. Nf3 Nc6 8. b4 Bf8
9. b5 Nb8 10. Bd3 Bg7 11. Bb2 Nd7 12. O-O Nc5 13. Nbd2 Bd7 14. Be2 Ne7 15. Qb4
Rc8 16. a4 Nf5 17. Nd4 Nxd4 18. Bxd4 Bf8 19. Qb2 Be7 20. f4 O-O 21. Nb3 Qc7 22.
Nxc5 Bxc5 23. Bd3 Qa5 24. Bxc5 Rxc5 25. Qd4 Rfc8 26. Qf2 Qd8 27. h4 a6 28. Rfb1
Qe8 29. h5 axb5 30. axb5 b6 31. hxg6 fxg6 32. Qh4 R5c7 33. Ra6 Rb8 34. Rba1 Bc8
35. Ra8 Bb7 36. Rxb8 Qxb8 37. Qf2 Bc8 38. Qd4 Rc5 39. Ra3 Bb7 40. Qa1 Qc8 41.
Qd4 Qc7 42. Ra4 Rc3 43. Ra7 Rc5 44. Ra4 Rc3 1/2-1/2

[Event "4NCL 3 South pool C"]
[Site "Telford, ENG"]
[Date "2016.05.01"]
[Round "10.86"]
[White "Moloney, Nicholas R"]
[Black "Lunn, Timothy"]
[Result "1-0"]
[WhiteElo "2172"]
[BlackElo "2042"]
[PlyCount "89"]
[EventDate "2016.05.01"]

1. f4 d5 2. Nf3 Nf6 3. g3 g6 4. Bg2 Bg7 5. O-O O-O 6. d3 c6 7. Nc3 Nbd7 8. Kh1
Re8 9. e4 dxe4 10. dxe4 e5 11. fxe5 Ng4 12. e6 fxe6 13. Qe2 Nde5 14. Bg5 Qa5
15. Nxe5 Nxe5 16. Bd2 Qc5 17. Rad1 Bd7 18. Be3 Qe7 19. Na4 b6 20. c4 c5 21. Nc3
a6 22. b3 Bc6 23. Na4 Qb7 24. Bf4 Rad8 25. Bg5 Rxd1 26. Rxd1 Nd7 27. Rd6 Be5
28. Rd2 b5 29. Nb2 Nb6 30. Nd3 Bd4 31. Nf4 bxc4 32. bxc4 Na4 33. h4 Nc3 34. Qg4
Nxe4 35. Bxe4 Bxe4+ 36. Kh2 Qb1 37. Qd1 Rb8 38. Nxe6 Qxd1 39. Rxd1 Rb2+ 40. Rd2
Rb1 41. g4 Bg1+ 42. Kg3 Rf1 43. Rd8+ Kf7 44. Rf8+ Kxe6 45. Rxf1 1-0

[Event "4NCL 3 South pool C"]
[Site "Telford, ENG"]
[Date "2016.05.01"]
[Round "10.87"]
[White "Fogg, Martin"]
[Black "Agnew, Alan"]
[Result "0-1"]
[WhiteElo "2050"]
[BlackElo "2090"]
[PlyCount "74"]
[EventDate "2016.05.01"]

1. e4 g6 2. d4 Bg7 3. Nc3 d6 4. Be3 a6 5. Qd2 Nd7 6. Nf3 b5 7. Bd3 Bb7 8. O-O
Rc8 9. a4 c6 10. Rfe1 b4 11. Ne2 c5 12. c4 cxd4 13. Bxd4 e5 14. Be3 Nc5 15.
Bxc5 dxc5 16. Ng3 Bh6 17. Qc2 Qc7 18. Nf1 Ne7 19. Ne3 Bxe3 20. Rxe3 f6 21. Rd1
Nc6 22. Bf1 O-O 23. Red3 Rcd8 24. b3 Rxd3 25. Rxd3 Nd4 26. Nxd4 exd4 27. Rd1
Re8 28. f3 Qf4 29. Qd2 Qxd2 30. Rxd2 Kf7 31. Bd3 g5 32. Re2 h5 33. g3 f5 34.
exf5 Bxf3 35. Rxe8 Kxe8 36. Kf2 Bd1 37. a5 Ke7 0-1

[Event "4NCL 3 South pool C"]
[Site "Telford, ENG"]
[Date "2016.05.01"]
[Round "10.88"]
[White "Okhai, Shabir"]
[Black "Peck, Silas"]
[Result "1-0"]
[WhiteElo "2064"]
[BlackElo "1940"]
[PlyCount "127"]
[EventDate "2016.05.01"]

1. e4 e5 2. Nf3 Nc6 3. Bb5 a6 4. Ba4 Nf6 5. O-O Be7 6. Re1 b5 7. Bb3 d6 8. c3
Bg4 9. h3 Bh5 10. d3 O-O 11. Nbd2 Na5 12. Bc2 c5 13. Nf1 Nc6 14. Ng3 Bg6 15.
Nh4 b4 16. Ngf5 Nd7 17. Ba4 Rc8 18. Nxg6 hxg6 19. Ne3 Nb6 20. Bb3 Bg5 21. Qg4
Bh6 22. Nc4 Kh7 23. Nxb6 Qxb6 24. Bxf7 Ne7 25. Bc4 a5 26. Bg5 Ng8 27. Bxh6 Nxh6
28. Qe2 Qd8 29. a3 Rc7 30. axb4 axb4 31. Bd5 Qh4 32. Ra6 Rf6 33. Rea1 g5 34. f3
Rc8 35. Ra8 Rff8 36. cxb4 cxb4 37. Qd2 Rxa8 38. Rxa8 Rxa8 39. Bxa8 Qf4 40. Qxf4
gxf4 41. Bd5 Kg6 42. Kf2 Kh5 43. g3 fxg3+ 44. Kxg3 g5 45. Bc4 Kg6 46. h4 Kh5
47. hxg5 Kxg5 48. Bd5 Kh5 49. Bc4 Kg5 50. Bb3 Kh5 51. f4 exf4+ 52. Kxf4 Kg6 53.
d4 Kf6 54. Bd5 Ke7 55. Kg5 Nf7+ 56. Bxf7 Kxf7 57. Kf5 Ke7 58. d5 Kf7 59. b3 Ke7
60. Kg6 Ke8 61. Kf6 Kd7 62. Kf7 Kd8 63. Ke6 Kc7 64. Ke7 1-0

[Event "4NCL 3 South pool C"]
[Site "Telford, ENG"]
[Date "2016.05.01"]
[Round "10.89"]
[White "Brown, David"]
[Black "Millward, Kevin P"]
[Result "1/2-1/2"]
[WhiteElo "1951"]
[BlackElo "1994"]
[PlyCount "106"]
[EventDate "2016.05.01"]

1. e4 g6 2. d4 Bg7 3. Nf3 d6 4. c3 Nf6 5. Bd3 c5 6. dxc5 dxc5 7. O-O O-O 8. Qe2
Qc7 9. Na3 a6 10. h3 Nc6 11. Re1 Nd7 12. Nc4 b5 13. Ne3 e6 14. Bd2 Nde5 15.
Nxe5 Nxe5 16. Bc2 Bb7 17. f4 Nd7 18. e5 f6 19. exf6 Nxf6 20. Ng4 Rae8 21. Nxf6+
Rxf6 22. Be4 Rf7 23. Bxb7 Qxb7 24. Qe4 e5 25. Qxb7 Rxb7 26. fxe5 Rbe7 27. Bf4
Bxe5 28. Bxe5 Rxe5 29. Rxe5 Rxe5 30. Kf2 Kf7 31. Rd1 Ke6 32. Rd3 a5 33. a3 Rd5
34. Re3+ Kd6 35. Ke2 Rg5 36. Rd3+ Ke5 37. Kf3 Rf5+ 38. Ke2 Rg5 39. Kf3 Rf5+ 40.
Ke2 Ke6 41. Rd8 Re5+ 42. Kf2 Rd5 43. Re8+ Kd7 44. Re2 a4 45. Kf3 Kd6 46. Ke3
Rf5 47. Rd2+ Kc6 48. Ke4 Rf1 49. Ke5 Rf8 50. Ke6 Re8+ 51. Kf7 Re5 52. Kf6 Re4
53. Kg5 b4 1/2-1/2

[Event "4NCL 3 South pool C"]
[Site "Telford, ENG"]
[Date "2016.05.01"]
[Round "10.90"]
[White "Mc Aleenan, Charles"]
[Black "Cocks, Elliot"]
[Result "1/2-1/2"]
[WhiteElo "1900"]
[BlackElo "1892"]
[PlyCount "45"]
[EventDate "2016.05.01"]

1. Nf3 d5 2. d4 Nf6 3. c4 e6 4. g3 Bb4+ 5. Bd2 Be7 6. Bg2 O-O 7. O-O dxc4 8.
Qc2 c5 9. dxc5 Bxc5 10. Qxc4 Qc7 11. Na3 b5 12. Qc2 Na6 13. b4 Bd6 14. Qb2 Qe7
15. Nd4 Bb7 16. Bxb7 Qxb7 17. Ndxb5 Be7 18. Bc3 Rfd8 19. Rab1 Rac8 20. Rfd1
Rxd1+ 21. Rxd1 h6 22. Be5 Bxb4 23. Bxf6 1/2-1/2